Các biện pháp phát triển kĩ năng giải quyết vấn đề cho trẻ 5-6 tuổi thông qua hoạt động làm quen với toán /

Guardat en:
Dades bibliogràfiques
Autor principal: Phan Thị Thúy Hằng.
Format: Article
Idioma:Vietnamese
Matèries:
Etiquetes: Afegir etiqueta
Sense etiquetes, Sigues el primer a etiquetar aquest registre!
Thư viện lưu trữ: Thư viện Trường Đại học Đà Lạt
LEADER 00871nam a2200265 4500
001 DLU190190255
005 ##20190401
040 # # |a DLU  |b vie 
041 # # |a vie 
044 # # |a vn 
100 # # |a Phan Thị Thúy Hằng. 
245 # # |a Các biện pháp phát triển kĩ năng giải quyết vấn đề cho trẻ 5-6 tuổi thông qua hoạt động làm quen với toán /  |c Phan Thị Thúy Hằng. 
653 # # |a Giải quyết vấn đề 
653 # # |a Phát triển kĩ năng 
653 # # |a Trò chơi học tập 
773 # # |t Tạp chí Giáo dục  |g Số 404, 2017, tr. 22-25 
920 # # |a Phòng Tạp chí -- Trung tâm Thông tin - Thư viện Trường Đại học Đà Lạt 
994 # # |a DLU 
900 # # |a True 
911 # # |a Trần Thị Minh Hương 
925 # # |a G 
926 # # |a A 
927 # # |a BB 
980 # # |a Thư viện Trường Đại học Đà Lạt